[Event "Chigorin Memorial Open"]
[Site "St Petersburg RUS"]
[Date "2011.10.15"]
[Round "2.72"]
[White "Dimukhametov, Artur"]
[Black "Trapeznikova, Darya"]
[Result "1/2-1/2"]
[WhiteTitle "FM"]
[WhiteElo "2337"]
[BlackElo "2024"]
[WhiteFideId "4195680"]
[BlackFideId "24121118"]
[EventDate "2011.10.14"]

1. d4 d5 2. c4 c6 3. Nc3 Nf6 4. Nf3 e6 5. Bg5 h6 6. Bxf6 Qxf6 7. e3 Nd7 8. Qc2
g6 9. Be2 Bg7 10. e4 dxc4 11. Bxc4 O-O 12. O-O c5 13. dxc5 Nxc5 14. e5 Qe7 15.
Rad1 b6 16. b4 Nb7 17. Nb5 a5 18. Nd6 axb4 19. Qb1 Ra5 20. Rfe1 Qc7 21. Qxb4 Rc5
22. Bb5 Rd8 23. Nxc8 Qxc8 24. Ba6 Rxd1 25. Rxd1 Rc1 26. Qd2 Rxd1+ 27. Qxd1 Qc7
28. Bxb7 Qxb7 29. Qd8+ Kh7 30. h4 Qc6 31. Qd4 Qc1+ 32. Kh2 Bf8 33. h5 gxh5 34.
Qh4 Bg7 35. Qxh5 Kg8 36. Qh4 Qb2 37. Qd8+ Kh7 38. Qc7 Kg8 39. Qb8+ Kh7 40. Kg3
Qxa2 41. Qxb6 Qc2 42. Qe3 Qf5 43. Kh4 Qb1 44. g4 Qb2 45. Kg3 Qb5 46. Kf4 Qc4+
47. Kg3 Qb5 48. Qe4+ Kg8 49. Kf4 Qb2 50. Qa8+ Kh7 51. Qa7 Kg8 52. Qc5 Kh7 53.
Qe7 Bxe5+ 54. Nxe5 Qd4+ 55. Kf3 Qxe5 56. Qxf7+ Kh8 57. Qg6 Qd5+ 58. Kg3 Qe5+ 59.
Kg2 Qd5+ 60. Kh2 Qe5+ 61. Kg1 Qa1+ 62. Kg2 Qa8+ 63. f3 Qa2+ 64. Kg3 Qe2 65.
Qxh6+ Kg8 66. Qg6+ Kf8 67. Qf6+ Kg8 68. Kh4 Qh2+ 69. Kg5 Qd2+ 70. Qf4 Qd8+ 71.
Kg6 Qe8+ 72. Kh6 Qd7 73. Qg5+ Kh8 74. Qf6+ Kg8 75. Kg6 Qh7+ 76. Kg5 Qd7 77. Qg6+
Kh8 78. Kf6 Qd4+ 79. Ke7 Qc5+ 80. Kf6 Qd4+ 81. Ke7 Qc5+ 82. Kxe6 Qc6+ 83. Kf7
Qd7+ 84. Kf6 Qd4+ 1/2-1/2

[Event "Chigorin Memorial Open"]
[Site "St Petersburg RUS"]
[Date "2011.10.15"]
[Round "2.73"]
[White "Rybakova, Polina"]
[Black "Pasiev, Rakhim"]
[Result "0-1"]
[BlackTitle "FM"]
[WhiteElo "1743"]
[BlackElo "2306"]
[WhiteFideId "24178829"]
[BlackFideId "24122475"]
[EventDate "2011.10.14"]

1. e4 c5 2. Nf3 Nc6 3. Bb5 g6 4. c3 Bg7 5. O-O Nf6 6. Re1 O-O 7. d4 cxd4 8. cxd4
d5 9. e5 Ne4 10. Ng5 Qb6 11. Bxc6 bxc6 12. Nxe4 dxe4 13. Qc2 Qxd4 14. Qxc6 Bf5
15. Nc3 Qxe5 16. Be3 Rfc8 17. Qa4 Rab8 18. Rab1 a5 19. Red1 Rb4 20. Qa3 e6 21.
Ne2 Bg4 22. Rd2 Bxe2 23. Rxe2 Qb5 24. Rd2 h5 25. Bf4 Rc3 26. b3 Rc8 27. Rbd1 Qf5
28. Bd6 Rb5 29. Bg3 Bf6 30. Rd7 h4 31. Bc7 h3 32. Bg3 hxg2 33. Kxg2 Qf3+ 34. Kg1
e3 0-1

[Event "Chigorin Memorial Open"]
[Site "St Petersburg RUS"]
[Date "2011.10.15"]
[Round "2.75"]
[White "Guliev, Logman"]
[Black "Ivanov, Sergei V."]
[Result "1-0"]
[WhiteTitle "IM"]
[WhiteElo "2447"]
[BlackElo "2055"]
[WhiteFideId "13400061"]
[BlackFideId "24170003"]
[EventDate "2011.10.14"]

1. e4 d6 2. d4 Nf6 3. Nc3 g6 4. f4 Bg7 5. Nf3 O-O 6. Bd3 Nbd7 7. O-O c6 8. e5
Ne8 9. Qe1 e6 10. Ne4 c5 11. c3 Qb6 12. Kh1 cxd4 13. cxd4 dxe5 14. fxe5 f5 15.
Nc3 Nb8 16. d5 exd5 17. Nxd5 Qc5 18. Qh4 Rf7 19. Ng5 b5 20. Qxh7+ Kf8 21. Nf4 1-0

[Event "Chigorin Memorial Open"]
[Site "St Petersburg RUS"]
[Date "2011.10.15"]
[Round "2.77"]
[White "Voronenkov, Sergey"]
[Black "Melnikov, Dmitry"]
[Result "1-0"]
[BlackTitle "FM"]
[WhiteElo "2048"]
[BlackElo "2299"]
[WhiteFideId "24129674"]
[BlackFideId "4146468"]
[EventDate "2011.10.14"]

1. e4 e5 2. Nf3 Nc6 3. Bb5 Bc5 4. c3 Qf6 5. O-O Nge7 6. Re1 h6 7. d4 Bb6 8. Be3
O-O 9. Na3 d6 10. Nc4 Bg4 11. Nxb6 axb6 12. h3 Bxf3 13. Qxf3 Qxf3 14. gxf3 f5
15. Rad1 Ng6 16. Kh1 Nh4 17. Be2 Kh8 18. a3 exd4 19. cxd4 Rae8 20. d5 Ne5 21.
Rc1 Re7 22. Rc3 Nexf3 23. Rec1 fxe4 24. Rxc7 Rxc7 25. Rxc7 Rf6 26. Bxb6 Rg6 27.
Rc1 Ng2 28. Bxf3 exf3 29. Rc3 Nf4 30. Rxf3 Nxd5 31. Bd4 Kh7 32. Rf7 b5 33. Rb7
Nf4 34. Rxb5 Nxh3 35. Be3 Ng1 36. Rd5 Nf3 37. Rd1 d5 38. b4 d4 39. Bf4 d3 40. b5
d2 41. Be3 Rf6 42. b6 g5 43. a4 Rf8 44. a5 1-0

[Event "Chigorin Memorial Open"]
[Site "St Petersburg RUS"]
[Date "2011.10.15"]
[Round "2.78"]
[White "Ivkina, Olga"]
[Black "Saveliev, Alexei"]
[Result "0-1"]
[WhiteTitle "WIM"]
[WhiteElo "2296"]
[BlackElo "2048"]
[WhiteFideId "4156820"]
[BlackFideId "24128546"]
[EventDate "2011.10.14"]

1. e4 e6 2. d4 d5 3. e5 c5 4. c3 Nc6 5. Nf3 Qb6 6. a3 Nh6 7. Bd3 Bd7 8. dxc5
Bxc5 9. O-O Ng4 10. Qe2 f6 11. exf6 Nxf6 12. b4 Bd6 13. c4 Nd4 14. Nxd4 Qxd4 15.
Bb2 Qh4 16. g3 Qh6 17. c5 Be7 18. Nd2 O-O 19. f4 Rfe8 20. Nf3 Ng4 21. Nd4 Qh5
22. Nb5 Rec8 23. h4 Bf6 24. Rae1 b6 25. Nd6 Rc7 26. cxb6 axb6 27. Bxf6 Nxf6 28.
Qxh5 Nxh5 29. g4 Rxa3 30. Ra1 Rca7 31. Rxa3 Rxa3 32. Rf3 Ra1+ 33. Kf2 Nf6 34.
Rg3 Ra4 35. Rg1 Rxb4 36. Ra1 Rxf4+ 37. Ke2 Ra4 38. Rb1 Rxg4 39. Rxb6 Kf8 40. h5
Rh4 0-1

[Event "Chigorin Memorial Open"]
[Site "St Petersburg RUS"]
[Date "2011.10.15"]
[Round "2.79"]
[White "Ershov, Valentin"]
[Black "Kuznetsov, Nikolay P."]
[Result "0-1"]
[BlackTitle "FM"]
[WhiteElo "2031"]
[BlackElo "2293"]
[WhiteFideId "24166430"]
[BlackFideId "4175379"]
[EventDate "2011.10.14"]

1. d4 b6 2. Nf3 Bb7 3. g3 e6 4. Bg2 Nf6 5. O-O Be7 6. c4 O-O 7. Re1 d5 8. Nc3
dxc4 9. Qa4 c5 10. Qxc4 Nc6 11. Rd1 Qc8 12. Bg5 Na5 13. Qa4 Bc6 14. Qc2 cxd4 15.
Nxd4 Bxg2 16. Kxg2 h6 17. Bxf6 Bxf6 18. Rac1 Rd8 19. Ne4 Qb7 20. Nf3 Be7 21.
Rxd8+ Rxd8 22. Qc7 Rd7 23. Qxb7 Rxb7 24. Ne5 f5 25. Nd2 Bd6 26. Ndf3 g5 27. Nd3
Rc7 28. Rxc7 Bxc7 29. Nfe5 Nb7 30. b4 a6 31. Kf3 Kg7 32. Ke3 Kf6 33. f4 gxf4+
34. gxf4 Nd6 35. Kd4 Nb5+ 36. Kc4 Na3+ 37. Kb3 Nb5 38. Kc4 Nd6+ 39. Kd4 Nb7 40.
a4 Nd8 41. Kc4 Ke7 42. b5 a5 43. Nc6+ Ke8 44. Nde5 Nb7 45. Nd3 Bd6 46. Nce5 Ba3
47. Kb3 Be7 48. Kc4 Nd6+ 49. Kd4 Bf6 50. Ke3 Kd8 51. Nc6+ Kc7 52. Nce5 Ne4 53.
Kd4 h5 54. Kc4 h4 55. Kd4 Nd2 56. Kc3 Nf1 57. h3 Ng3 58. Kd2 Ne4+ 59. Kc2 Ng3
60. Kd2 Nf1+ 61. Ke1 Ne3 62. Kd2 Nd5 63. e3 Ne7 64. Nc4 Nc8 65. Kc2 Be7 66. Nde5
Bf6 67. Nd3 Nd6 68. Nde5 Ne4 69. Nd3 Nc3 70. Kb3 Ne2 71. Nf2 Bc3 72. Nd3 Bf6 73.
Nf2 Be7 74. Kc2 Ng1 75. Kd3 Bb4 76. Nd2 Kd6 77. Nc4+ Kc5 78. e4 Be1 79. exf5
exf5 80. Nd1 Nxh3 81. Nde3 Nxf4+ 82. Kc2 h3 0-1

[Event "Chigorin Memorial Open"]
[Site "St Petersburg RUS"]
[Date "2011.10.15"]
[Round "2.80"]
[White "Ivakhinova, Inna"]
[Black "Shurunov, Andrei"]
[Result "0-1"]
[WhiteTitle "WIM"]
[WhiteElo "2288"]
[BlackElo "2037"]
[WhiteFideId "4185641"]
[BlackFideId "4113209"]
[EventDate "2011.10.14"]

1. d4 Nf6 2. c4 e6 3. Nf3 Bb4+ 4. Nbd2 O-O 5. a3 Bxd2+ 6. Bxd2 d5 7. e3 Nbd7 8.
Bd3 c5 9. O-O b6 10. b4 cxd4 11. exd4 dxc4 12. Bxc4 Bb7 13. Rc1 Rc8 14. Qe2 Ne4
15. Bf4 Ndf6 16. h3 h6 17. Rfd1 b5 18. Bxb5 Nc3 19. Rxc3 Rxc3 20. a4 Bxf3 21.
gxf3 Qd5 22. Kg2 Qb3 23. a5 Nd5 24. Bd2 Rb8 25. Rg1 Qxb4 26. Kh2 Qxb5 27. Qe5 f6
28. Qxe6+ Kh8 29. Bxc3 Nxc3 30. Qe7 Rb7 31. Qd8+ Kh7 32. Qc8 Ne2 33. a6 Re7 34.
Re1 f5 35. Qd8 Re8 36. Qd6 Qa5 37. Rb1 Qa2 38. Rb7 Nf4 39. Kg3 Nh5+ 40. Kg2 Re2 0-1

[Event "Chigorin Memorial Open"]
[Site "St Petersburg RUS"]
[Date "2011.10.15"]
[Round "2.81"]
[White "Aminov, Andrey"]
[Black "Vunder, Andrey"]
[Result "1/2-1/2"]
[WhiteElo "2029"]
[BlackElo "2282"]
[WhiteFideId "24162728"]
[BlackFideId "4128338"]
[EventDate "2011.10.14"]

1. e4 c6 2. d4 d5 3. e5 Bf5 4. Nd2 e6 5. Nb3 Nd7 6. Nf3 Ne7 7. Be2 Nc8 8. a4 Be7
9. a5 a6 10. O-O O-O 11. c4 dxc4 12. Bxc4 Na7 13. Qe2 Nb5 14. Rd1 Nc7 15. Nbd2
Nd5 16. Ne4 h6 17. Bd2 Rc8 18. Rac1 Re8 19. h3 Nb4 20. Qe1 Nd5 21. Bd3 Bh7 22.
b4 Nf8 23. Rb1 Rc7 24. Qe2 Bf5 25. Kh2 Rd7 26. Rb3 Nc7 27. Bb1 Nb5 28. Be3 Bh7
29. Qd2 Ng6 30. g3 Bf8 31. Qc2 Be7 32. Qd2 Qc7 33. h4 Bf8 34. Qc2 Be7 35. Qd2
Bf8 36. Qc2 Be7 37. Qd2 Bf8 1/2-1/2

[Event "Chigorin Memorial Open"]
[Site "St Petersburg RUS"]
[Date "2011.10.15"]
[Round "2.82"]
[White "Khakimov, Timur"]
[Black "Karaseva, Janna"]
[Result "1-0"]
[WhiteTitle "IM"]
[WhiteElo "2281"]
[BlackElo "2030"]
[WhiteFideId "4169115"]
[BlackFideId "4132548"]
[EventDate "2011.10.14"]

1. e4 d6 2. d4 Nf6 3. Nc3 g6 4. f4 Bg7 5. Nf3 c5 6. dxc5 Qa5 7. Bd2 Qxc5 8. Bd3
O-O 9. Qe2 a6 10. a3 b5 11. Be3 Qc6 12. e5 dxe5 13. fxe5 Nd5 14. Be4 e6 15. Rd1
Rd8 16. O-O Bb7 17. Ng5 Rd7 18. Qf3 a5 19. Nxf7 Na6 20. Ng5 Nac7 21. Qg4 Bxe5
22. Qf3 b4 23. Nf7 Bg7 24. Nh6+ Kh8 25. Nxd5 exd5 26. Bd3 d4 27. Qxc6 Bxc6 28.
Bg5 Bd5 29. axb4 axb4 30. Ng4 Ne8 31. Rde1 Rf7 32. Rxf7 Bxf7 33. Re7 Kg8 34.
Nh6+ Bxh6 35. Bxh6 Nf6 36. h3 Rb8 37. b3 Rc8 38. Rb7 Nd5 39. Bd2 Ne3 40. Bxe3
dxe3 41. Rxb4 g5 42. Rb5 Re8 43. Rxg5+ Bg6 44. Kf1 Kf7 45. Bxg6+ hxg6 46. Ke2
Rc8 47. c4 Ra8 48. Kxe3 1-0

[Event "Chigorin Memorial Open"]
[Site "St Petersburg RUS"]
[Date "2011.10.15"]
[Round "2.83"]
[White "Lysenko, Maria"]
[Black "Turikov, Viktor"]
[Result "0-1"]
[BlackTitle "FM"]
[WhiteElo "2019"]
[BlackElo "2279"]
[WhiteFideId "24122084"]
[BlackFideId "4107810"]
[EventDate "2011.10.14"]

1. d4 Nf6 2. Nf3 e6 3. c4 Bb4+ 4. Bd2 a5 5. a3 Bxd2+ 6. Nbxd2 Nc6 7. e4 d6 8. d5
Ne7 9. Nd4 e5 10. Nc2 O-O 11. Bd3 a4 12. O-O Nd7 13. b4 axb3 14. Nxb3 Ng6 15. g3
Nc5 16. Nxc5 dxc5 17. Ne3 Bh3 18. Ng2 Qg5 19. Qc1 Nf4 20. Nxf4 Bxf1 21. Kxf1
exf4 22. Qxf4 Qxf4 23. gxf4 Ra4 24. e5 Rfa8 25. Rd1 Rxa3 26. d6 cxd6 27. exd6
Ra1 28. Bb1 Kf8 29. Kg2 Rd8 30. Kf3 f5 31. Kg2 g6 32. Kf3 Ra4 33. Rd5 Rxc4 0-1

[Event "Chigorin Memorial Open"]
[Site "St Petersburg RUS"]
[Date "2011.10.15"]
[Round "2.84"]
[White "Tarasova, Viktoriya"]
[Black "Tugarin, Anton"]
[Result "1/2-1/2"]
[WhiteTitle "WIM"]
[WhiteElo "2275"]
[BlackElo "2014"]
[WhiteFideId "4175840"]
[BlackFideId "24151246"]
[EventDate "2011.10.14"]

1. d4 d5 2. c4 c6 3. Nf3 Nf6 4. Nc3 a6 5. e3 b5 6. b3 Bg4 7. Be2 e6 8. O-O Nbd7
9. h3 Bh5 10. Bb2 Qb8 11. Ne5 Bxe2 12. Qxe2 Nxe5 13. dxe5 Nd7 14. cxd5 cxd5 15.
f4 Bc5 16. Kh1 O-O 17. Rad1 b4 18. Na4 Qb5 19. Qf3 Nb6 20. Nxc5 Qxc5 21. Bd4 Qb5
22. f5 exf5 23. Qxf5 Rae8 24. Qg5 Re6 25. Rf6 Nd7 26. Rxe6 fxe6 27. Qe7 Qc6 28.
Qxb4 Rf2 29. a4 Nf8 30. Qc5 Qxc5 31. Bxc5 Ng6 32. Bd4 Nh4 33. Rg1 Nf5 34. Rc1
Nxd4 35. exd4 Rd2 36. Rc6 Rxd4 37. Rxe6 Rb4 38. Rd6 Kf7 39. Rxd5 Ke6 40. Rd6+
Kxe5 41. Rxa6 Rxb3 42. Ra7 Kf6 43. Kh2 h5 44. Ra6+ Kf7 45. h4 Ra3 46. a5 Ke7 47.
Ra7+ Kf6 48. a6 Kg6 49. Ra8 Kf7 50. Kg1 Ra2 51. a7 Kg6 52. Kf1 Kf7 53. Ke1 Kg6
54. Kd1 Kf7 55. Kc1 Kg6 56. Kb1 Ra6 57. Kb2 Kf7 58. Kc3 Kg6 59. Kb4 Ra1 60. Kc5
Rc1+ 61. Kd6 Rd1+ 62. Ke7 Re1+ 63. Kd6 Rd1+ 64. Ke5 Re1+ 65. Kf4 Rf1+ 66. Ke3
Re1+ 67. Kf3 Rf1+ 68. Ke2 Ra1 69. Kf2 Ra2+ 70. Kg1 Ra1+ 71. Kh2 Ra2 72. Kg3 Ra1
73. Kf2 Ra2+ 74. Ke3 Ra3+ 75. Kd4 Ra1 1/2-1/2

[Event "Chigorin Memorial Open"]
[Site "St Petersburg RUS"]
[Date "2011.10.15"]
[Round "2.85"]
[White "Pershin, Denis"]
[Black "Mikheev, Stanislav"]
[Result "1-0"]
[BlackTitle "IM"]
[WhiteElo "1984"]
[BlackElo "2271"]
[WhiteFideId "24165506"]
[BlackFideId "4135920"]
[EventDate "2011.10.14"]

1. e4 e5 2. Nf3 Nc6 3. Bc4 Bc5 4. c3 Nf6 5. d4 exd4 6. b4 Bb6 7. e5 d5 8. exf6
dxc4 9. Qe2+ Be6 10. b5 d3 11. Qe4 Nb4 12. O-O g6 13. cxb4 Qxf6 14. Bd2 Qxa1 15.
Bc3 Bxf2+ 16. Kxf2 Qxa2+ 17. Nbd2 O-O-O 18. Ra1 Bd5 19. Rxa2 Bxe4 20. Nxe4 Rhe8
21. Ned2 Re2+ 22. Kf1 Kb8 23. Bd4 b6 24. Bc3 Rde8 25. Ra1 Rd8 26. Ne5 Rd5 27.
Ndxc4 Re4 28. Nc6+ Kc8 29. N4e5 Rf4+ 30. Kg1 1-0

[Event "Chigorin Memorial Open"]
[Site "St Petersburg RUS"]
[Date "2011.10.15"]
[Round "2.86"]
[White "Goikhman, Valentin"]
[Black "Shmoilov, Dmitry"]
[Result "1-0"]
[WhiteElo "2261"]
[BlackElo "1998"]
[WhiteFideId "2806800"]
[BlackFideId "24160342"]
[EventDate "2011.10.14"]

1. d4 Nf6 2. c4 c5 3. Nf3 cxd4 4. Nxd4 b6 5. Nc3 Bb7 6. f3 e6 7. e4 d6 8. Be3
Be7 9. Qd2 a6 10. O-O-O Nbd7 11. g4 Ne5 12. g5 Nfd7 13. f4 Ng4 14. Bg1 h6 15.
Qe2 hxg5 16. Qxg4 Rh4 17. Qg3 gxf4 18. Qxg7 Ne5 19. Bf2 Qc7 20. Bxh4 Bxh4 21.
Qh8+ Kd7 22. Qxh4 b5 23. Qxf4 Qa5 24. Nb3 1-0

[Event "Chigorin Memorial Open"]
[Site "St Petersburg RUS"]
[Date "2011.10.15"]
[Round "2.87"]
[White "Nezbailo, Dmitry"]
[Black "Korchmar, Vasiliy"]
[Result "0-1"]
[WhiteElo "1966"]
[BlackElo "2253"]
[WhiteFideId "4199057"]
[BlackFideId "24131750"]
[EventDate "2011.10.14"]

1. d4 Nf6 2. Nf3 g6 3. g3 Bg7 4. Bg2 O-O 5. O-O d6 6. c4 Nbd7 7. Nc3 e5 8. dxe5
dxe5 9. Qc2 c6 10. Rd1 Qc7 11. Rb1 Nc5 12. Nd2 Bf5 13. e4 Bg4 14. f3 Be6 15. b4
Ncd7 16. a3 Ne8 17. Bb2 f5 18. exf5 gxf5 19. c5 a5 20. Bf1 b5 21. Bd3 e4 22.
fxe4 f4 23. Ne2 fxg3 24. Nxg3 Nef6 25. Rf1 Bh3 26. Rf3 Ne5 27. Bxe5 Qxe5 28.
Ndf1 axb4 29. axb4 Bg4 30. Rf2 Be6 31. Ne3 Ra2 32. Rb2 Rxb2 33. Qxb2 Qxb2 34.
Rxb2 Ng4 35. Nxg4 Bxb2 36. Nh6+ Kg7 37. Nhf5+ Kf6 38. Ne2 Bxf5 39. exf5 Ba3 40.
Nf4 Bxb4 41. Ne6 Ra8 42. Kf2 Ke5 43. Ng5 Bxc5+ 44. Kf3 Ra3 45. Ke2 Ra2+ 46. Kd1
Kd4 47. Ne6+ Kxd3 48. Nxc5+ Kd4 49. Nb3+ Ke5 0-1

[Event "Chigorin Memorial Open"]
[Site "St Petersburg RUS"]
[Date "2011.10.15"]
[Round "2.88"]
[White "Kondratiev, Denis"]
[Black "Goryachkina, Aleksandra"]
[Result "0-1"]
[BlackTitle "WFM"]
[WhiteElo "1960"]
[BlackElo "2248"]
[WhiteFideId "4181220"]
[BlackFideId "4147103"]
[EventDate "2011.10.14"]

1. e4 c5 2. Nf3 d6 3. Nc3 Nf6 4. Bc4 e6 5. O-O a6 6. d4 b5 7. Bd3 cxd4 8. Nxd4
Bb7 9. Re1 Nbd7 10. a4 b4 11. Nd5 Nxd5 12. exd5 Bxd5 13. c4 bxc3 14. bxc3 Ne5
15. Nf5 g6 16. f4 Nxd3 17. Qxd3 Bxg2 18. Nd4 Bb7 19. Rb1 Rb8 20. Qh3 Be7 21. Ba3
O-O 22. Re3 Bd5 23. Rf1 Bf6 24. f5 exf5 25. Nxf5 gxf5 26. Qxf5 Qb6 27. Bc1 Be5
28. Kf2 Kh8 29. Rg1 Rg8 30. c4 Rxg1 31. Kxg1 Qb1 32. Qf1 Qg6+ 33. Kf2 Qf6+ 34.
Ke1 Qxf1+ 0-1

[Event "Chigorin Memorial Open"]
[Site "St Petersburg RUS"]
[Date "2011.10.15"]
[Round "2.90"]
[White "Zheleznaykov, Peter"]
[Black "Usmanov, Vasily"]
[Result "0-1"]
[WhiteElo "1955"]
[BlackElo "2238"]
[WhiteFideId "24104620"]
[BlackFideId "4135741"]
[EventDate "2011.10.14"]

1. d4 c5 2. e3 Nf6 3. Nf3 d5 4. Bb5+ Nc6 5. O-O e6 6. b3 Qb6 7. c4 a6 8. Ba4
cxd4 9. exd4 Bd7 10. Bf4 Rc8 11. c5 Qd8 12. Bxc6 Bxc6 13. Nc3 Ne4 14. Qc2 Qa5
15. Rfc1 b6 16. b4 Qxb4 17. Rab1 Qxc3 18. Qxc3 Nxc3 19. Rxc3 bxc5 20. dxc5 f6
21. Nd4 e5 22. Nxc6 Rxc6 23. Bd2 Kf7 24. Rb6 Rxc5 25. Rb7+ Kg6 26. Rg3+ Kf5 27.
h3 Rc6 28. Rb8 g5 29. Bb4 Bg7 30. Rb7 Kg6 31. h4 Rhc8 32. Bd2 h6 33. f4 exf4 34.
Bxf4 Rc3 35. hxg5 hxg5 36. Rd7 Rxg3 37. Bxg3 Rc3 38. Kh2 Rd3 39. a4 f5 40. Rd6+
Kh5 41. Rxa6 Kg4 42. Be1 Be5+ 43. Kg1 Rd1 44. Kf1 Bg3 45. Re6 d4 46. a5 d3 0-1

[Event "Chigorin Memorial Open"]
[Site "St Petersburg RUS"]
[Date "2011.10.15"]
[Round "2.91"]
[White "Semenova, Irina"]
[Black "Nasybullina, Alfia"]
[Result "1/2-1/2"]
[WhiteTitle "WGM"]
[WhiteElo "2236"]
[BlackElo "1978"]
[WhiteFideId "4118367"]
[BlackFideId "4132416"]
[EventDate "2011.10.14"]

1. e4 c5 2. Nf3 Nc6 3. d4 cxd4 4. Nxd4 g6 5. c4 Nf6 6. Nc3 Nxd4 7. Qxd4 d6 8.
Be2 Bg7 9. O-O O-O 10. Bg5 h6 11. Bd2 Ng4 12. Qd3 Ne5 13. Qg3 Be6 14. b3 Nc6 15.
f4 Nd4 16. Bd3 Bd7 17. f5 g5 18. Nd5 Bc6 19. f6 exf6 20. Qf2 Bxd5 21. cxd5 f5
22. exf5 Qf6 23. Rad1 a6 24. Be3 Rfe8 25. Bb1 Nb5 26. Rd3 Qb2 27. Rd2 Qc3 28.
Rd3 Qb2 29. Rd2 Qc3 30. Bb6 Na3 31. Bd3 Bf6 32. Rdd1 Re7 33. Kh1 Rae8 34. Qg3
Nc2 35. Bxc2 Qxc2 36. Qxd6 Qxd1 37. Rxd1 Re1+ 38. Bg1 Rxd1 39. Qxf6 Ree1 40. h3
Rxg1+ 41. Kh2 Rh1+ 42. Kg3 Rxd5 43. Qxh6 Rxf5 44. Qb6 Rb5 45. Qd8+ Kg7 46. Qd4+
Kf8 1/2-1/2

[Event "Chigorin Memorial Open"]
[Site "St Petersburg RUS"]
[Date "2011.10.15"]
[Round "2.94"]
[White "Bondarenko, Alexander"]
[Black "Puzko, Danila"]
[Result "1/2-1/2"]
[WhiteTitle "FM"]
[WhiteElo "2224"]
[BlackElo "1955"]
[WhiteFideId "14126109"]
[BlackFideId "24153745"]
[EventDate "2011.10.14"]

1. d4 Nf6 2. c4 c5 3. d5 b5 4. cxb5 a6 5. bxa6 Bxa6 6. Nc3 g6 7. Nf3 d6 8. e4
Bxf1 9. Kxf1 Bg7 10. g3 O-O 11. Kg2 Nbd7 12. h3 Qb6 13. Re1 Ne8 14. Re2 Nc7 15.
Bg5 Rfe8 16. Qd2 Nb5 17. Nxb5 Qxb5 18. Qc2 Nb6 19. a3 h6 20. Bc1 Reb8 21. Ra2
Nc4 22. h4 h5 23. Ne1 Qb3 24. Qxb3 Rxb3 25. Nf3 Ra4 26. Rc2 Kf8 27. Nd2 Nxd2 28.
Bxd2 e6 29. dxe6 fxe6 30. f3 Ke7 31. Bf4 Kd7 32. Kf2 Bd4+ 33. Ke2 Kc6 34. Bd2 d5
35. exd5+ exd5 36. Bc3 Rc4 37. a4 Bxc3 38. bxc3 Rcxc3 39. Rxc3 Rxc3 40. a5 Kb7
41. a6+ Ka7 42. Ra5 d4 43. g4 hxg4 44. fxg4 c4 45. h5 gxh5 46. gxh5 Rh3 47. Rd5
d3+ 48. Kd2 Kxa6 49. Kc3 Rh4 50. h6 1/2-1/2

[Event "Chigorin Memorial Open"]
[Site "St Petersburg RUS"]
[Date "2011.10.15"]
[Round "2.95"]
[White "Sirletti, Sonia"]
[Black "Martynov, Pavel2"]
[Result "0-1"]
[WhiteElo "1940"]
[BlackElo "2223"]
[WhiteFideId "814210"]
[BlackFideId "4122186"]
[EventDate "2011.10.14"]

1. d4 g6 2. c4 f5 3. Nc3 Nf6 4. g3 Bg7 5. Bg2 O-O 6. Nh3 c6 7. O-O Na6 8. a3 Nc7
9. d5 Qe8 10. Bf4 d6 11. Qd2 Bd7 12. Bh6 Qf7 13. Bxg7 Qxg7 14. Rfd1 h6 15. f4
Rad8 16. Rac1 e6 17. dxe6 Bxe6 18. Qd4 a6 19. Nf2 d5 20. Qa7 Rb8 21. cxd5 Nfxd5
22. Qc5 Rbd8 23. e4 fxe4 24. Nfxe4 Bg4 25. Rd2 Ne6 26. Qf2 g5 27. Nxd5 cxd5 28.
Nc5 gxf4 29. Nxe6 Bxe6 30. Qd4 Qxd4+ 31. Rxd4 f3 32. Bf1 Bf5 33. Kf2 Be4 34. Rc7
Rf7 35. Rxf7 Kxf7 36. Bd3 Re8 37. Bf1 Kf6 38. Rb4 Rc8 39. Rxb7 Ke5 40. Rb6 Rc2+
41. Ke1 Rxh2 42. Bxa6 Bf5 43. Bf1 Bg4 44. Rb8 f2+ 45. Kd2 Rh1 46. Re8+ Kd4 47.
Bg2 Rg1 48. Rf8 Rxg2 49. Rf4+ Ke5 50. Ke3 Rxg3+ 0-1

[Event "Chigorin Memorial Open"]
[Site "St Petersburg RUS"]
[Date "2011.10.15"]
[Round "2.96"]
[White "Chuprova, Irina"]
[Black "Shurunov, Arseny"]
[Result "0-1"]
[BlackTitle "FM"]
[WhiteElo "1919"]
[BlackElo "2219"]
[WhiteFideId "24138584"]
[BlackFideId "24111570"]
[EventDate "2011.10.14"]

1. e4 c5 2. Nf3 e6 3. d4 cxd4 4. Nxd4 a6 5. Nc3 Qc7 6. Be2 Nf6 7. O-O Nc6 8. Be3
Bb4 9. Na4 O-O 10. Nxc6 bxc6 11. Qd4 Bd6 12. h3 Rb8 13. c3 Bh2+ 14. Kh1 Be5 15.
Qd3 d5 16. exd5 cxd5 17. b4 Ne4 18. Nc5 Nxc3 19. Rac1 Nxe2 20. Qxe2 Qe7 21. Nxa6
Bxa6 22. Qxa6 Qxb4 23. a3 Qh4 24. f4 Bb2 25. Rc7 Qd8 26. Bb6 Qd6 27. Rb7 Rxb7
28. Qxb7 Bxa3 29. Bc7 Qe7 30. f5 Bd6 31. Rc1 exf5 32. Qb6 Rc8 33. Bxd6 Rxc1+ 34.
Kh2 Qe8 35. Bf4 Rc4 36. Qd6 h6 37. Bg3 Qe4 0-1

[Event "Chigorin Memorial Open"]
[Site "St Petersburg RUS"]
[Date "2011.10.15"]
[Round "2.98"]
[White "Chehlov, Aleksander"]
[Black "Bezulenko, Evgeny"]
[Result "0-1"]
[WhiteTitle "FM"]
[WhiteElo "2211"]
[BlackElo "1953"]
[WhiteFideId "11600632"]
[BlackFideId "24105996"]
[EventDate "2011.10.14"]

1. e4 g6 2. d4 Bg7 3. Nc3 d6 4. Nf3 Nf6 5. Be2 O-O 6. O-O c6 7. a4 a5 8. Bg5 Na6
9. Qd2 Bg4 10. h3 Bxf3 11. Bxf3 Nb4 12. Ne2 d5 13. e5 Ne4 14. Bxe4 dxe4 15. c3
Nd5 16. Ng3 f6 17. exf6 exf6 18. Bh6 Bxh6 19. Qxh6 f5 20. Rfe1 Qc7 21. Nf1 Rae8
22. Qd2 f4 23. Qc2 e3 24. f3 Qe7 25. Re2 Qf6 26. Rae1 Rd8 27. Qb3 Rf7 28. Rd1 h5
29. Nh2 Kh8 30. Qc2 g5 31. Ree1 Rh7 32. Qe2 Qh6 33. Qd3 Qf6 34. Re2 Ne7 35. Ree1
Nf5 36. Qc4 Rd5 37. Qb3 Rg7 38. Qb6 Rgd7 39. Rb1 Qe6 40. Re2 Ng3 41. Rbe1 Qg6
42. Qb3 Nxe2+ 43. Rxe2 Qb1+ 44. Nf1 Qd3 45. Qc2 Qxc2 46. Rxc2 c5 47. dxc5 Rd1 0-1

[Event "Chigorin Memorial Open"]
[Site "St Petersburg RUS"]
[Date "2011.10.15"]
[Round "2.99"]
[White "Bondarev, Ivan"]
[Black "Yakimenko, Alexander A."]
[Result "0-1"]
[WhiteElo "1892"]
[BlackElo "2211"]
[WhiteFideId "4185110"]
[BlackFideId "24141917"]
[EventDate "2011.10.14"]

1. e4 e6 2. d4 d5 3. Nc3 Bb4 4. a3 Bxc3+ 5. bxc3 dxe4 6. Qg4 Nf6 7. Qxg7 Rg8 8.
Qh6 b6 9. Ne2 Ba6 10. Bg5 Nbd7 11. Ng3 Bxf1 12. Rxf1 Rg6 13. Qh4 h6 14. Bxf6
Nxf6 15. Nxe4 Ng4 16. Qxd8+ Rxd8 17. Rh1 f5 18. Nd2 Nf6 19. g3 Nd5 20. c4 Nc3
21. Nb3 c5 22. dxc5 bxc5 23. Nxc5 e5 24. f3 Rgd6 25. Nb3 a5 26. a4 Nxa4 27. Nxa5
Nc3 28. Nb3 e4 29. fxe4 fxe4 30. Nc5 Rc8 31. Nb7 Rd7 32. Na5 e3 33. Kf1 Rd2 34.
Re1 Rf2+ 35. Kg1 Ne2+ 36. Rxe2 Rxe2 37. Kf1 Rxc2 38. Rg1 Rb8 0-1